The World Book Encyclopedia A -L (Record no. 1713)

MARC details
000 -LEADER
fixed length control field 00404nam a22001457a 4500
003 - CONTROL NUMBER IDENTIFIER
control field OSt
005 - DATE AND TIME OF LATEST TRANSACTION
control field 20160727222449.0
008 - FIXED-LENGTH DATA ELEMENTS--GENERAL INFORMATION
fixed length control field 160704b xxu||||| |||| 00| 0 eng d
040 ## - CATALOGING SOURCE
Transcribing agency TEST
100 ## - MAIN ENTRY--PERSONAL NAME
9 (RLIN) 2014
Personal name Field Educational Enterprises
245 ## - TITLE STATEMENT
Title The World Book Encyclopedia A -L
260 ## - PUBLICATION, DISTRIBUTION, ETC. (IMPRINT)
Place of publication, distribution, etc. Sydney
Name of publisher, distributor, etc. Field Edu.Enterprises
Date of publication, distribution, etc. 1968
300 ## - PHYSICAL DESCRIPTION
Extent The World Book Encyclopedia A -L
942 ## - ADDED ENTRY ELEMENTS (KOHA)
Source of classification or shelving scheme Dewey Decimal Classification
Koha item type BOOK
Holdings
Withdrawn status Lost status Source of classification or shelving scheme Damaged status Not for loan Home library Current library Shelving location Date acquired Total Checkouts Full call number Barcode Date last seen Price effective from Koha item type
    Dewey Decimal Classification     Good Samaritan School Library Good Samaritan School Library Encyclopaedia 07/04/2016   FIE030 A-1 FIE1358 07/04/2016 07/04/2016 BOOK

Powered by Koha